| 000 | 00486nam a2200181Ia 4500 | ||
|---|---|---|---|
| 008 | 180207s9999 xx 000 0 und d | ||
| 020 | _a9780439471091 | ||
| 050 | _bC719 2003 | ||
| 100 | _aColorado, Lucille | ||
| 245 | _aThere was a cold lady who swallowed some snow! | ||
| 245 | _cLucille Colandro ; illustrated by Jared Lee. | ||
| 260 | _aNew York : | ||
| 260 | _bScholastic, | ||
| 260 | _c2003 | ||
| 300 | _aunpaged : | ||
| 300 | _bcolor illustration ; | ||
| 300 | _c26cm. | ||
| 999 |
_c355347 _d355347 |
||